Muslim Saints and mystics = تزکرۃ الاولیاء (Record no. 94442)
[ view plain ]
| 000 -LEADER | |
|---|---|
| fixed length control field | 00460nam a22001457a 4500 |
| 005 - DATE AND TIME OF LATEST TRANSACTION | |
| control field | 20170607083643.0 |
| 008 - FIXED-LENGTH DATA ELEMENTS--GENERAL INFORMATION | |
| fixed length control field | 170607b xxu||||| |||| 00| 0 eng d |
| 040 ## - CATALOGING SOURCE | |
| Transcribing agency | PK-LaUMT |
| 082 ## - DEWEY DECIMAL CLASSIFICATION NUMBER | |
| Classification number | 279.4 |
| Item number | FAR-M |
| 100 ## - MAIN ENTRY--PERSONAL NAME | |
| Personal name | Farid Al-Din Attar , Hazrat |
| 245 ## - TITLE STATEMENT | |
| Title | Muslim Saints and mystics = تزکرۃ الاولیاء |
| Statement of responsibility, etc | Hazrat Farid Al-Din Attar = حضرت فرید الدین عطار |
| 260 ## - PUBLICATION, DISTRIBUTION, ETC. (IMPRINT) | |
| Place of publication, distribution, etc | Jhelum: |
| Name of publisher, distributor, etc | Book corner, |
| Date of publication, distribution, etc | 2009 |
| 300 ## - PHYSICAL DESCRIPTION | |
| Extent | 392 p. |
| 942 ## - ADDED ENTRY ELEMENTS (KOHA) | |
| Koha item type | Books |
| Withdrawn status | Lost status | Damaged status | Home library | Current library | Date acquired | Full call number | Barcode | Date last seen | Price effective from | Koha item type |
|---|---|---|---|---|---|---|---|---|---|---|
| UMT Main Campus | UMT Main Campus | 2017-06-07 | 279.4 FAR-M | 109906 | 2017-10-24 | 2017-06-07 | Books |
